02059nam a22002057a 450000500170000000800410001702000150005804000070007304100120008008200240009210000180011624500510013426000420018530000280022752015040025565000250175965000250178465000240180970000200183320220712143937.0220712b ||||| |||| 00| 0 eng d a9679788210 cAL aEnglish 223a338.91724bMAHE aPiya Mahtaney aEconomic Con Game Development: Fact or Fiction aMalaysiabPelanduk Publicationac2002 a272 p.bPBc21.5x14 cm. aFor all the brouhaha about reform and the avowed benefits of free-market policies in the 1990s, the quick-fix solution for underdevelopment continues to elude us. Through an incisive narrative of the misconceptions and misconstrued notions that have blinkered economic judgment for decades, Piya Mahtaney argues that the underpinnings of economic terrorism are embodied in the stark contrasts between unbridled affluence ensconced in minuscule enclaves and unrelenting endemic poverty. We may finally have arrived at the crux of contemporary economics which impinges not so much on evaluating the commercial profitability of globalisation as it does on examining two distinct possibilities that will decide the economic destiny for a long time to come. Either 'globalism' can result in development or it cannot. If it can-although so far it hasn't-then its limitations have to be surmounted, and if its purview does not extend beyond tactical commercialism then the immense hype about it in recent years is meaningless. Is there a crisis of imagination or are there deeper issues at stake? In answering this crucial question, Mahtaney looks at the dilemmas and paradoxes that befuddle strategic thinking on the subject and in so doing reveals a sinister fact: there exists a crisis of implementation that is perpetrated by a medley of vested interests which deliberately flout the rulebook of sound economics to make decisions that benefit the superstructure and adversely impact the majority of us. aEconomic Development aDeveloping Countries aEconomic Conditions aMAHTANEY (Piya)